02239nam a2200421 a 4500001001200000003000800012006001900020007001500039008004100054010001700095015001900112016001800131020001800149020001500167040002100182035002100203050002400224082002000248100002900268245011100297246002700408260006400435300002300499504005100522505070000573533015201273650003601425650002901461650003601490650002701526650002301553650002401576655002901600700002801629710001701657856012601674999001701800ebr10271826CaPaEBRm u cr cn|||||||||080114s2008 nyua sb 001 0 eng  z 2008001434 aGBA7974962bnb7 z0144586002Uk z9780814408995 z0814408990 aCaPaEBRcCaPaEBR a(OCoLC)23381817414aHD30.4b.T63 2008eb04a658.4/071242221 aTobin, Daniel R.,d1946-14aThe AMA guide to management developmenth[electronic resource] /cDaniel R. Tobin, Margaret S. Pettingell.30aManagement development aNew York :bAMACOM/American Management Association,cc2008. avi, 330 p. :bill. aIncludes bibliographical references and index.0 aStarting with the end in mind -- Competence : the ability to do something well -- The AMA management development competency model : knowing and managing yourself -- The AMA management development competency model : knowing and managing others -- The AMA management development competency mode l: knowing and managing the business -- Selecting for competence -- Developing employees -- Management development beyond training -- The role of the manager/employee relationship -- The role of the organizational leadership -- The role of the human resources group -- The role of the training group -- The future of management development -- Appendix : The AMA management development competency model. aElectronic reproduction.bPalo Alto, Calif. :cebrary,d2013.nAvailable via World Wide Web.nAccess may be limited to ebrary affiliated libraries. 0aManagementxStudy and teaching. 0aExecutivesxTraining of. 0aLeadershipxStudy and teaching. 0aMentoring in business. 0aCore competencies. 0aCareer development. 7aElectronic books.2local1 aPettingell, Margaret S.2 aebrary, Inc.40uhttp://site.ebrary.com/lib/rucke/Doc?id=10271826zAn electronic book accessible through the World Wide Web; click to view c22852d22852